000 00330nam a22001457a 4500
008 230324b ||||| |||| 00| 0 eng d
020 _a0721612016
041 _aeng
080 _2FIFTH EDITION
_a159.9
082 _a159.9LEE
100 _a25
101 _aHIS
245 _aTEXTBOOK OF HISTOLOGY
_cLEESON L P
942 _2udc
_cBK
999 _c59448
_d59448